Kritici revolúcie sú "červy" Fidel Castro o nebezpečenstve kontrarevolúcie na Kube

Bibliographic Details
Format: Article
Language:Slovak
Subjects:

MARC

LEADER 00000nab a2200000 a 4500
001 vtls000368552
003 SK-MaSNL
005 20260304171137.0
008 150430c1990 xo 0 slo
015 |a SNBRB19rr/mm-uuuuu 
035 |a CL0368674 
040 |a SNKBUCL  |b slo  |c SNKBUCL  |e AACR2 
041 0 |a slo 
044 |a xo  |c SK 
080 |a 323(729.1)  |2 1981 
245 0 0 |a Kritici revolúcie sú "červy"  |b Fidel Castro o nebezpečenstve kontrarevolúcie na Kube 
650 0 7 |a vnútorná politika  |2 snkbucl  |9 970 
650 0 7 |a Castro, Fidel,  |d 1926-2016  |2 snkbucl  |9 948562 
651 7 |a Kuba  |2 snkbucl  |9 17345 
655 7 |a články z novín a časopisov  |2 snkbucl  |9 267496 
773 0 |t Pravda  |g Roč. 71, č. 24 (29. 1. 1990), s. 4 
850 |a Slovenská národná knižnica v Martine  |a MTA001 
852 |a SNK  |b KIS3GCP 
958 |a RK 
958 |a CU 
992 |a RBX 
999 |c 2991813  |d 2993743